000 00777nam a22002537a 4500
003 3228
005 20260306080659.0
008 240910b sa ||||| |||| 00| 1 eng d
020 _a9781838930943
_qPaperback
040 _aRDA
_c3228
041 _aE
082 _aEF CROS
_2DDC23
100 _9188812
_aCross, Ethan
245 _aI am the night /
_cby Ethan Cross
246 _aI am the night
260 _aLondon :
_bHead of Zeus,
_c2020
300 _a429 pages
_c20 cm
490 _aAckerman Thrillers
_vBook One
500 _aI am the night was previously published as: The Shepherd
501 _aRead on for an exclusive preview of the next Ackerman thriller: I am fear
655 0 _9188556
_aEnglish Fiction
655 0 _9188813
_aThrillers
942 _2ddc
_cBOOK
_y314
_zNana Banda
999 _c767437
_d767437